The Companion to the European Convention on Human Rights /

Over time the corpus of rights and obligations under the European Convention on Human Rights has developed into and is perhaps best understood as a system of autonomous concepts, with the European Court of Human Rights acting as its master of conceptualisation. The Companion to the European Conventi...

Full description

Saved in:

Other Authors: Istrefi, Kushtrim (Editor), Kamber, Kresimir (Editor), Ratniece, Zane (Editor)

Format: eBook

Language: English

Published: Leiden ; Boston : Brill | Nijhoff, 2026.

Series: Human Rights and Humanitarian Law E-Books Online, Collection 2026.

Subjects:

Online Access: Login to view Source

Tags: Add Tag

No Tags, Be the first to tag this record!

Call Number: KJC5132.A4195

LEADER 02437nam a22004938i 4500
001 BRILL9789004541559
003 nllekb
005 20260324115022.0
006 m d
007 cr un uuuua
008 251016s2026 gw sb 001 0 eng d
010 |a  2025034402 
020 |a 9789004541559  |q (electronic book) 
020 |z 9789004541542  |q (print) 
024 7 |a 10.1163/9789004541559  |2 DOI 
040 |a NL-LeKB  |c NL-LeKB  |e rda 
041 |a eng 
050 4 |a KJC5132.A4195 
072 7 |a LAW  |x 051000  |2 bisacsh 
072 7 |a LBBR  |2 bicssc 
072 7 |a POL  |x 035010  |2 bisacsh 
082 0 4 |a 341.4/8094  |2 23 
245 0 4 |a The Companion to the European Convention on Human Rights /  |c edited by Kushtrim Istrefi, Zane Ratniece and Kresimir Kamber. 
264 1 |a Leiden ;  |a Boston :  |b Brill | Nijhoff,  |c 2026. 
264 4 |c ©2026 
300 |a 1 online resource (1049 pages) :  |b illustrations. 
336 |a text  |b txt  |2 rdacontent 
337 |a computer  |b c  |2 rdamedia 
338 |a online resource  |2 rdacarrier 
490 1 |a Human Rights and Humanitarian Law E-Books Online, Collection 2026 
504 |a Includes bibliographical references and index. 
520 |a Over time the corpus of rights and obligations under the European Convention on Human Rights has developed into and is perhaps best understood as a system of autonomous concepts, with the European Court of Human Rights acting as its master of conceptualisation. The Companion to the European Convention on Human Rights seeks to identify and explain what these concepts are, how they have evolved, and how they have been applied by the Court. The Companion presents the first compilation and analysis of nearly 300 ECHR notions on Convention rights, principles, procedures and institutions. 
546 |a English 
588 |a Description based on print version record. 
650 0 |a Democracy  |z Europe. 
650 0 |a Human rights  |z Europe. 
650 0 |a Rule of law  |z Europe. 
700 1 |a Istrefi, Kushtrim,  |e editor. 
700 1 |a Kamber, Kresimir,  |e editor. 
700 1 |a Ratniece, Zane,  |e editor. 
776 0 8 |i Print version:  |t The Companion to the European Convention on Human Rights.  |d Leiden ; Boston : Brill | Nijhoff, 2026.  |z 9789004541542  |w (OCoLC)1523822960  |w (DLC) 2025034401 
830 0 |a Human Rights and Humanitarian Law E-Books Online, Collection 2026. 
856 4 |z DOI:   |u http://dx.doi.org/10.1163/9789004541559 
999 |c 61938  |d 61938